| 000 | 00583nam a2200205Ia 4500 | ||
|---|---|---|---|
| 003 | IIN | ||
| 005 | 20240209161341.0 | ||
| 008 | 231217s9999 xx 000 0 und d | ||
| 020 |
_cRs.415.00 _a9788123918037 |
||
| 040 |
_aIIN _bEnglish |
||
| 082 |
_a610.28 _bSHE |
||
| 100 | 1 | _aShenoy, Rajgopal K. | |
| 245 | 1 |
_aManipal Manual of Instruments / _cRajgopal Shenoy K. and Anitha Nileshwar |
|
| 260 |
_bCBS _aNew Delhi _c2010 |
||
| 300 | _axv, 280 p. | ||
| 650 | 1 |
_aMedical Surgical _vInstruments |
|
| 650 | 1 |
_aInstruments of _vManual |
|
| 700 | 1 | _aNileshwar, Anitha | |
| 942 | _cBOOK | ||
| 999 |
_c490 _d490 |
||